| 000 | 01209nam a22002895a 4500 | ||
|---|---|---|---|
| 999 |
_c27424 _d27395 |
||
| 003 | EG-ScBUE | ||
| 005 | 20190504111204.0 | ||
| 008 | 190504s2013 sy frb 000 0 ara d | ||
| 020 | _a9789933444822 | ||
| 040 |
_aEG-ScBUE _bara _cEG-ScBUE _dEG-ScBUE |
||
| 082 | 0 | 4 |
_a327 _bم ن غ _222 |
| 100 | 1 |
_aمنغست، كارين أ.، _d1947- |
|
| 245 | 1 | 0 |
_aمبادئ العلاقات الدولية = _bEssentials of international relations / _cتأليف كارين أ. منغست، إيفان م. أريغوين-تفت ؛ ترجمة حسام الدين خضور. |
| 246 | 3 | 1 | _aEssentials of international relations |
| 250 | _aط. 1. | ||
| 260 |
_aدمشق : _bدار الفرقد للطباعة والنشر والتوزيع، _c2013. |
||
| 300 |
_a584 ص. ؛ _c24 سم. |
||
| 500 | _aيشتمل على قائمة بالمصطلحات. | ||
| 504 | _aيشتمل على إرجاعات ببليوجرافية. | ||
| 650 | 7 |
_aالعلاقات الخارجية. _2BUEsh |
|
| 650 | 7 |
_aالعلاقات الدولية. _2BUEsh |
|
| 651 | _2BUEsh | ||
| 653 |
_bBUSBOL _cMay2019 |
||
| 700 | 1 | _aأريغوين-تفت، إيفان م. | |
| 700 | 1 |
_aخضور، حسام الدين، _eمترجم. |
|
| 942 | _2ddc | ||